00485nmm a2200169Ia 4500008004100000020001800041041000800059100002100067245003500088264004200123300001800165490001900183650002100202700002100223700002000244856005100264251105s9999||||xx |||||||||||||||||und|| a9788415937807 aspa aDickner, Nicolas 0aApocalipsis para principiantes a[Madrid, España] :bSiruela, c2014 a184 páginas aNuevos tiempos aOther narratives aDickner, Nicolas1 a Feliú, Luisa uhttps://public.digitaliapublishing.com/a/31805